| 000 | 01184nam a2200229 i 4500 | ||
|---|---|---|---|
| 001 | 164017 | ||
| 003 | ES-MaACL | ||
| 005 | 20240203062551.0 | ||
| 008 | 030122s1866 sp |||| | spa d | ||
| 100 | 1 |
_aRoure, Gerónimo ( _d1824-1876) _9132105 |
|
| 245 | 1 | 0 | _aDiscurso leído ante el Claustro de la Universidad Central por el licenciado en medicina y cirugía D. Gerónimo Roure y Fernández, el día 17 de junio de 1866 en el solemne acto de recibir la investidura de doctor. |
| 260 |
_aMadrid : _b[s.n.], _c1866 ( _fpor D. Alejandro Gómez Fuentenebro) |
||
| 300 |
_a18 p. ; _c24 cm. |
||
| 530 | _aDisponible en formato digital. | ||
| 594 | _aTit. del discurso: Utilidad de la higiene públca y sus progresos en el presente siglo. | ||
| 650 | 4 |
_aSalubridad pública. _9142699 |
|
| 650 | 4 |
_aSalud pública. _916973 |
|
| 710 | 2 |
_aUniversidad Central (Madrid) _97084 |
|
| 852 |
_aES-MaACL _jT-625-F-7 _z- Enc. hol., falto de cub. original _z- Ded. de Gustavo Sáenz Díez a la Biblioteca de "Los escolares médicos" _z- Enc. en un vol. facticio |
||
| 856 |
_uhttp://bdh-rd.bne.es/viewer.vm?id=0000109005&page=1 _zBiblioteca Digital Hispánica |
||
| 999 |
_c164017 _d164017 |
||